LEADER 01943nam0 2200433 i 450 001 MOD0978265 005 20231121125555.0 010 $a8884501601 100 $a20060213d2005 ||||0itac50 ba 101 | $aita$alat 102 $ait 181 1$6z01$ai $bxxxe 182 1$6z01$an 200 1 $a˜Le œopere$fGuido d'Arezzo$gintroduzione, traduzione e commento a cura di Angelo Rusconi 210 $aFirenze$cEdizioni del Galluzzo per la Fondazione Ezio Franceschini$d2005 215 $aLXXXVI, 186 p.$d24 cm 225 | $a˜La œtradizione musicale$v10$i. Le regole della musica$v1 300 $aContiene: Micrologus, Regulae rhythmicae, Prologus in Antiphonarium .. 300 $aTesto orig. a fronte. 410 0$1001MOD0978268$12001 $a˜La œtradizione musicale$i. Le regole della musica$v1 606 $aGuido : d'Arezzo$xTeoria musicale$2FIR$3RMLC436312$9E 676 $a780.1$9$v21 700 0$aGuido : d'Arezzo$3SBLV310004$4070$0611966 702 1$aRusconi$b, Angelo$f <1964- >$3BVEV034402 790 0$aGuido Aretinus$3SBLV295148$zGuido : d'Arezzo 790 0$aGuido : von Arezzo$3SBLV310006$zGuido : d'Arezzo 790 0$aGui : d'Arezzo$3SBNV065782$zGuido : d'Arezzo 790 0$aGuido : de Sancto Mauro$3SBNV065783$zGuido : d'Arezzo 801 3$aIT$bIT-01$c20060213 850 $aIT-RM028 $aIT-RM0289 $aIT-RM0418 $aIT-FR0017 899 $aBiblioteca Universitaria Alessandrina$bRM028 899 $aBiblioteca Statale A. Baldini$bRM0289 899 $aBIBLIOTECA ACCADEMIA NAZ. DEI LINCEI E CORSINIANA$bRM0418 899 $aBiblioteca umanistica Giorgio Aprea$bFR0017 912 $aMOD0978265 950 0$aBiblioteca umanistica Giorgio Aprea$d 52MAG 8/1759$e 52DLF0000004455 VMN RS $fA $h20170406$i20170406 977 $a 01$a 04$a 10$a 52 996 $aOpere$93611456 997 $aUNICAS